000 00341nam a22001337a 4500
008 180222b xxu||||| |||| 00| 0 eng d
020 _a0088218008
041 _aeng
080 _a32
100 _a23
101 _apol
245 _athe stigna of poverty a critiques of poverty theories and policies
_cchalm.i w
942 _2udc
_cBK
999 _c43163
_d43163